[Event "Sitges op 47th"]
[Site "Sitges"]
[Date "2023.07.27"]
[Round "6"]
[White "Cordoba Roa, Angel Gabriel"]
[Black "Villanueva, Mario Nicolas"]
[Result "0-1"]
[WhiteElo "2339"]
[BlackElo "2478"]
[PlyCount "84"]
[EventDate "2023.07.22"]
[EventType "swiss"]
[EventRounds "9"]
[EventCountry "ESP"]
[SourceTitle "CBM 215 Extra"]
[Source "ChessBase"]
[SourceDate "2023.09.30"]
[SourceVersion "1"]
[SourceVersionDate "2023.09.30"]
[SourceQuality "1"]

1. e4 e6 2. d4 d5 3. Nc3 Nf6 4. e5 Nfd7 5. f4 c5 6. Nf3 Nc6 7. Be3 a6 8. Qd2 b5 9. a3 Qa5 10. Nd1 b4 11. a4 cxd4 12. Nxd4 Nxd4 13. Bxd4 Bc5 14. Nf2 0-0 15. Bxc5 Nxc5 16. Nd3 Rb8 17. Nxc5 Qxc5 18. b3 a5 19. 0-0-0 Bb7 20. Qd4 Rbc8 21. Qxc5 Rxc5 22. Bd3 Ra8 23. Rhf1 Ba6 24. Rf2 Bxd3 25. Rxd3 f5 26. exf6 gxf6 27. Re2 Ra6 28. g4 Rac6 29. Red2 Rd6 30. g5 fxg5 31. Rg2 d4 32. h4 h6 33. hxg5 hxg5 34. Rdg3 Rdd5 35. fxg5 Kg7 36. g6 Rc3 37. Rg4 d3 38. Rc4 Rc5 39. Kb2 R5xc4 40. bxc4 dxc2 41. Rxc2 Rxc2+ 42. Kxc2 Kxg6 0-1

[Event "Sitges op 47th"]
[Site "Sitges"]
[Date "2023.07.22"]
[Round "1"]
[White "Villanueva, Mario Nicolas"]
[Black "Kshatriya, Nitin Vekhande"]
[Result "1/2-1/2"]
[WhiteElo "2478"]
[BlackElo "2033"]
[PlyCount "51"]
[EventDate "2023.07.22"]
[EventType "swiss"]
[EventRounds "9"]
[EventCountry "ESP"]
[SourceTitle "CBM 215 Extra"]
[Source "ChessBase"]
[SourceDate "2023.09.30"]
[SourceVersion "1"]
[SourceVersionDate "2023.09.30"]
[SourceQuality "1"]

1. e4 c5 2. Nf3 d6 3. d4 cxd4 4. Nxd4 Nf6 5. Nc3 g6 6. Be3 Bg7 7. f3 0-0 8. Qd2 Nc6 9. 0-0-0 d5 10. Nxc6 bxc6 11. Bh6 Bxh6 12. Qxh6 e5 13. h4 d4 14. Na4 Qe7 15. h5 Rb8 16. a3 c5 17. Qg5 Re8 18. hxg6 fxg6 19. Bc4+ Be6 20. Bxe6+ Qxe6 21. Nxc5 Qc4 22. Qxf6 Rxb2 23. Kxb2 Qc3+ 24. Kc1 Qxa3+ 25. Kb1 Rb8+ 26. Nb3 1/2-1/2

[Event "Villa Martelli Panno 70-A"]
[Site "Villa Martelli"]
[Date "2023.05.10"]
[Round "2"]
[White "Villanueva, Mario Nicolas"]
[Black "Di Berardino, Diego Rafael"]
[Result "1/2-1/2"]
[WhiteElo "2470"]
[BlackElo "2479"]
[PlyCount "51"]
[EventDate "2023.05.09"]
[EventType "tourn"]
[EventRounds "9"]
[EventCountry "ARG"]
[EventCategory "7"]
[SourceTitle "CBM 214 Extra"]
[Source "ChessBase"]
[SourceDate "2023.07.31"]
[SourceVersion "1"]
[SourceVersionDate "2023.07.31"]
[SourceQuality "1"]

1. e4 e5 2. Nf3 Nc6 3. Bb5 a6 4. Ba4 Nf6 5. 0-0 Be7 6. d3 b5 7. Bb3 d6 8. a4 Bd7 9. Bd2 b4 10. a5 Qc8 11. c3 Rb8 12. Re1 0-0 13. Ba4 bxc3 14. Bxc3 Na7 15. d4 exd4 16. Bxd7 Qxd7 17. Nxd4 Rfe8 18. Nd2 Nb5 19. Nxb5 Qxb5 20. Nf3 d5 21. Nd4 Qd7 22. Nf5 Bd8 23. Ng3 dxe4 24. Qxd7 Nxd7 25. Nxe4 Be7 26. Rad1 1/2-1/2

[Event "Vicente Lopez ProAm 100 Years op"]
[Site "Buenos Aires"]
[Date "2022.10.14"]
[Round "4"]
[White "Villanueva, Mario Nicolas"]
[Black "Spector, Sebastian"]
[Result "1-0"]
[WhiteElo "2477"]
[BlackElo "2132"]
[PlyCount "57"]
[EventDate "2022.10.11"]
[EventType "swiss"]
[EventRounds "9"]
[EventCountry "ARG"]
[SourceTitle "CBM 210 Extra"]
[Source "ChessBase"]
[SourceDate "2022.11.30"]
[SourceVersion "1"]
[SourceVersionDate "2022.11.30"]
[SourceQuality "1"]

1. e4 c5 2. Nf3 Nc6 3. d4 cxd4 4. Nxd4 e5 5. Nb5 d6 6. c4 a6 7. N5c3 Nf6 8. Bd3 Be7 9. 0-0 0-0 10. Na3 Nd4 11. Be3 b5 12. cxb5 d5 13. exd5 Bxa3 14. bxa3 axb5 15. Nxb5 Nxd5 16. Bxd4 exd4 17. Nxd4 Nf4 18. Be4 Rxa3 19. Nb5 Qxd1 20. Rfxd1 Ra4 21. Bf3 Be6 22. Rd4 Rc4 23. a4 Rb8 24. a5 Rc5 25. Rxf4 Rcxb5 26. Rd4 Kf8 27. a6 Rb1+ 28. Rxb1 Rxb1+ 29. Rd1 1-0

[Event "ARG-ch sf 97th"]
[Site "Buenos Aires"]
[Date "2022.09.14"]
[Round "8"]
[White "Abramor, Franco"]
[Black "Villanueva, Mario Nicolas"]
[Result "1/2-1/2"]
[WhiteElo "2219"]
[BlackElo "2476"]
[PlyCount "142"]
[EventDate "2022.09.08"]
[EventType "swiss"]
[EventRounds "9"]
[EventCountry "ARG"]
[SourceTitle "CBM 210 Extra"]
[Source "ChessBase"]
[SourceDate "2022.11.30"]
[SourceVersion "1"]
[SourceVersionDate "2022.11.30"]
[SourceQuality "1"]

1. e4 c6 2. d4 d5 3. e5 c5 4. dxc5 e6 5. a3 Bxc5 6. Qg4 Ne7 7. Nf3 0-0 8. Bd3 f6 9. exf6 Rxf6 10. Qh5 h6 11. 0-0 Nbc6 12. b4 Bd6 13. Bb2 Rf4 14. b5 e5 15. h3 e4 16. bxc6 bxc6 17. Nbd2 exd3 18. cxd3 Ba6 19. g3 Rf7 20. Rfe1 Bxd3 21. Ne5 Bxe5 22. Qxe5 Qd7 23. Re3 Qf5 24. Nf3 Be4 25. g4 Qf4 26. Qxf4 Rxf4 27. Ne5 Rb8 28. Bd4 Rb7 29. Rc1 Ng6 30. Nxg6 Bxg6 31. Rxc6 Be4 32. Re1 Rf3 33. Rc3 Rxc3 34. Bxc3 Rb3 35. Re3 Rxa3 36. f3 Bg6 37. Kf2 Kf7 38. h4 h5 39. Bd4 Ra4 40. Bc5 hxg4 41. Re7+ Kg8 42. Rxa7 Rf4 43. Ra8+ Kh7 44. Kg3 Rxf3+ 45. Kxg4 Rc3 46. Bd6 Rc1 47. Ra7 Rg1+ 48. Kf4 Bh5 49. Ke5 Bf3 50. Bf8 Kg8 51. Be7 Rg4 52. Bg5 Re4+ 53. Kd6 Re1 54. Kc5 Kh7 55. Re7 Rg1 56. Rf7 Be4 57. Rc7 Rg4 58. Rf7 Bg2 59. Rf4 Rg3 60. Kd4 Kg6 61. Rf2 Be4 62. Be3 Bf3 63. Bf4 Rh3 64. Rh2 Rxh2 65. Bxh2 Kh5 66. Be5 Kxh4 67. Bxg7 Bh5 68. Be5 Kg4 69. Bh8 Bg6 70. Be5 Bh5 71. Bh8 Bg6 1/2-1/2

[Event "ARG-ch sf 97th"]
[Site "Buenos Aires"]
[Date "2022.09.13"]
[Round "7"]
[White "Villanueva, Mario Nicolas"]
[Black "Acosta, Pablo Ismael"]
[Result "1/2-1/2"]
[WhiteElo "2476"]
[BlackElo "2452"]
[PlyCount "25"]
[EventDate "2022.09.08"]
[EventType "swiss"]
[EventRounds "9"]
[EventCountry "ARG"]
[SourceTitle "CBM 210 Extra"]
[Source "ChessBase"]
[SourceDate "2022.11.30"]
[SourceVersion "1"]
[SourceVersionDate "2022.11.30"]
[SourceQuality "1"]

1. e4 d6 2. d4 Nf6 3. Nc3 e5 4. Nf3 Nbd7 5. h3 Be7 6. g4 h6 7. Be3 c6 8. a4 Qa5 9. Qd2 a6 10. Bg2 b5 11. Ne2 Qxd2+ 12. Nxd2 Bb7 13. c3 1/2-1/2

[Event "ARG-chT"]
[Site "Villa Martelli"]
[Date "2022.08.27"]
[Round "2.2"]
[White "Villanueva, Mario Nicolas"]
[Black "Oro, Faustino"]
[Result "1-0"]
[WhiteElo "2470"]
[BlackElo "2056"]
[PlyCount "93"]
[EventDate "2022.08.26"]
[EventType "team-swiss"]
[EventRounds "8"]
[EventCountry "ARG"]
[SourceTitle "EXT 2023"]
[Source "ChessBase"]
[SourceDate "2022.10.05"]
[SourceVersion "1"]
[SourceVersionDate "2022.10.05"]
[SourceQuality "1"]
[WhiteTeam "Republica Martelli"]
[BlackTeam "Semillero de Almagro"]
[WhiteTeamCountry "ARG"]
[BlackTeamCountry "ARG"]

1. e4 c5 2. Nf3 d6 3. d4 cxd4 4. Nxd4 Nf6 5. Nc3 a6 6. Bd3 e5 7. Nde2 Be7 8. 0-0 Be6 9. f4 0-0 10. Kh1 exf4 11. Nxf4 Nc6 12. Nxe6 fxe6 13. Bc4 Qd7 14. a4 Ne5 15. Bb3 Nfg4 16. Bf4 g5 17. Bxe5 Rxf1+ 18. Qxf1 Rf8 19. Qc4 Nf2+ 20. Kg1 dxe5 21. Qxe6+ Qxe6 22. Bxe6+ Kg7 23. Bf5 Bc5 24. Kf1 Ng4 25. Nd5 Nxh2+ 26. Ke2 g4 27. Nc7 Kg8 28. Ne6 Rc8 29. Nxc5 Rxc5 30. Kf2 Rxc2+ 31. Kg3 Rxb2 32. Kxh2 h5 33. Rd1 Kg7 34. Rd6 Rb4 35. a5 Ra4 36. Kg3 Rxa5 37. Rd7+ Kf6 38. Rxb7 Rb5 39. Ra7 a5 40. Ra6+ Ke7 41. Kh4 Kd8 42. Kxh5 Kc7 43. Kxg4 Kb7 44. Rd6 Rb2 45. g3 a4 46. Be6 a3 47. Rd3 1-0

[Event "Rio Negro op"]
[Site "Cipolletti"]
[Date "2022.05.11"]
[Round "1"]
[White "Villanueva, Mario Nicolas"]
[Black "Rossi, Francisco Javier"]
[Result "1-0"]
[WhiteElo "2459"]
[BlackElo "1445"]
[PlyCount "33"]
[EventDate "2022.05.11"]
[EventType "swiss"]
[EventRounds "9"]
[EventCountry "ARG"]
[SourceTitle "CBM 208 Extra"]
[Source "ChessBase"]
[SourceDate "2022.07.31"]
[SourceVersion "1"]
[SourceVersionDate "2022.07.31"]
[SourceQuality "1"]

1. e4 e5 2. Nf3 Nc6 3. Bb5 a6 4. Ba4 d6 5. c4 Bd7 6. Nc3 Nf6 7. d4 exd4 8. Nxd4 Ne5 9. Bg5 h6 10. Bxf6 Qxf6 11. Bxd7+ Kxd7 12. Nd5 Qg6 13. 0-0 Re8 14. Qa4+ c6 15. Qb4 Rb8 16. Nb6+ Kc7 17. Qa5 1-0

[Event "ARG-ch 95th"]
[Site "Villa Martelli"]
[Date "2021.12.16"]
[Round "11"]
[White "Tristan, Leonardo"]
[Black "Villanueva, Mario Nicolas"]
[Result "1-0"]
[WhiteElo "2543"]
[BlackElo "2450"]
[PlyCount "77"]
[EventDate "2021.12.06"]
[EventType "tourn"]
[EventRounds "11"]
[EventCountry "ARG"]
[EventCategory "10"]
[SourceTitle "CBM 205 Extra"]
[Source "ChessBase"]
[SourceDate "2022.01.31"]
[SourceVersion "1"]
[SourceVersionDate "2022.01.31"]
[SourceQuality "1"]

1. d4 d5 2. c4 e6 3. Nc3 c5 4. cxd5 exd5 5. Nf3 Nf6 6. Bg5 Be6 7. e3 c4 8. Be2 Bb4 9. 0-0 0-0 10. Ne5 Bxc3 11. bxc3 Qa5 12. Bxf6 gxf6 13. Ng4 Nd7 14. f4 f5 15. Qe1 fxg4 16. f5 Nf6 17. fxe6 fxe6 18. Qh4 Qd8 19. Qg5+ Kh8 20. Qe5 Qe7 21. Rf4 Qg7 22. Raf1 Nd7 23. Qxe6 Rxf4 24. Rxf4 Rf8 25. Rxf8+ Nxf8 26. Qxd5 Qe7 27. Kf2 Nd7 28. Bxc4 Nf6 29. Qe6 Ne4+ 30. Ke2 Nxc3+ 31. Kd3 Qxe6 32. Bxe6 Nd1 33. Kd2 Nf2 34. Bf5 g3 35. hxg3 Nh1 36. g4 Ng3 37. Ke1 h5 38. Kf2 h4 39. Bd3 1-0

[Event "ARG-ch 95th"]
[Site "Villa Martelli"]
[Date "2021.12.15"]
[Round "10"]
[White "Villanueva, Mario Nicolas"]
[Black "Paveto, Kevin"]
[Result "1/2-1/2"]
[WhiteElo "2450"]
[BlackElo "2451"]
[PlyCount "113"]
[EventDate "2021.12.06"]
[EventType "tourn"]
[EventRounds "11"]
[EventCountry "ARG"]
[EventCategory "10"]
[SourceTitle "CBM 205 Extra"]
[Source "ChessBase"]
[SourceDate "2022.01.31"]
[SourceVersion "1"]
[SourceVersionDate "2022.01.31"]
[SourceQuality "1"]

1. e4 e5 2. Nf3 Nc6 3. Bb5 a6 4. Ba4 Nf6 5. 0-0 b5 6. Bb3 Bb7 7. d3 Be7 8. c4 d6 9. Nc3 bxc4 10. Bxc4 0-0 11. Qa4 Nd7 12. Be3 Nb6 13. Bxb6 cxb6 14. Bd5 b5 15. Qb3 Qb6 16. a3 Rac8 17. Rac1 Bf6 18. Rc2 Rc7 19. Rfc1 Rfc8 20. g3 h6 21. Kg2 Bg5 22. Bxc6 Bxc6 23. Nxg5 hxg5 24. Kf1 g6 25. Qb4 Bb7 26. Na4 Rxc2 27. Rxc2 Qd8 28. Rxc8 Bxc8 29. Nc3 Be6 30. Nd5 Bxd5 31. exd5 Qc7 32. d4 e4 33. Kg2 Qc2 34. Kg1 Qd1+ 35. Kg2 Qf3+ 36. Kg1 e3 37. fxe3 Qxe3+ 38. Kg2 Qe4+ 39. Kg1 Qxd5 40. Qc3 Qe4 41. b4 Kh7 42. h3 g4 43. hxg4 Qxg4 44. Qe3 Kg7 45. Kg2 Qf5 46. Kh2 d5 47. Qd2 Qf3 48. Qe1 Qe4 49. Qc3 g5 50. Qc5 Qe2+ 51. Kh3 Qf1+ 52. Kg4 Qc4 53. Kxg5 Qb3 54. Kf4 Qxa3 55. Qxd5 Qxb4 56. Qg5+ Kf8 57. Qd8+ 1/2-1/2

[Event "ARG-ch 95th"]
[Site "Villa Martelli"]
[Date "2021.12.08"]
[Round "3"]
[White "Obregon, Carlos Andres"]
[Black "Villanueva, Mario Nicolas"]
[Result "1-0"]
[WhiteElo "2517"]
[BlackElo "2450"]
[PlyCount "77"]
[EventDate "2021.12.06"]
[EventType "tourn"]
[EventRounds "11"]
[EventCountry "ARG"]
[EventCategory "10"]
[SourceTitle "CBM 205 Extra"]
[Source "ChessBase"]
[SourceDate "2022.01.31"]
[SourceVersion "1"]
[SourceVersionDate "2022.01.31"]
[SourceQuality "1"]

1. e4 e6 2. d4 d5 3. e5 c5 4. c3 Nc6 5. Nf3 Bd7 6. Be2 Nge7 7. Na3 cxd4 8. cxd4 f6 9. Bd3 Ng6 10. Nc2 Nb4 11. Nxb4 Bxb4+ 12. Bd2 Qa5 13. Bxb4 Qxb4+ 14. Qd2 Nf4 15. Bf1 Qxd2+ 16. Kxd2 Rc8 17. h4 0-0 18. Ke3 Ng6 19. h5 Ne7 20. Bd3 h6 21. Kd2 Be8 22. Rae1 Bd7 23. Rh4 f5 24. Ng1 Nc6 25. Ne2 Rf7 26. Rg1 Nb4 27. Bb1 Nc6 28. f3 Na5 29. b3 Nc6 30. g4 fxg4 31. fxg4 Rf2 32. g5 hxg5 33. Rxg5 Ne7 34. h6 g6 35. Bxg6 Nxg6 36. Rxg6+ Kh8 37. Ke3 Rf1 38. Rg7 Be8 39. Rf4 1-0

[Event "ARG-chT"]
[Site "Villa Martelli"]
[Date "2021.11.27"]
[Round "4.1"]
[White "Villanueva, Mario Nicolas"]
[Black "Mareco, Sandro"]
[Result "1/2-1/2"]
[WhiteElo "2464"]
[BlackElo "2634"]
[PlyCount "76"]
[EventDate "2021.11.20"]
[EventType "team-tourn"]
[EventRounds "7"]
[EventCountry "ARG"]
[SourceTitle "EXT 2023"]
[Source "ChessBase"]
[SourceDate "2022.10.05"]
[SourceVersion "1"]
[SourceVersionDate "2022.10.05"]
[SourceQuality "1"]
[WhiteTeam "Republica Martelli"]
[BlackTeam "Obras AySa"]
[WhiteTeamCountry "ARG"]
[BlackTeamCountry "ARG"]

1. e4 e5 2. Nf3 Nc6 3. Bb5 a6 4. Ba4 Nf6 5. 0-0 Bc5 6. c3 b5 7. Bc2 d5 8. d4 dxe4 9. Nbd2 exf3 10. Qxf3 Be7 11. Qxc6+ Bd7 12. Qf3 exd4 13. Ne4 0-0 14. Rd1 c5 15. Bg5 Rc8 16. b4 Re8 17. Bxf6 gxf6 18. bxc5 dxc3 19. Qd3 f5 20. Qg3+ Kh8 21. Qxc3+ Kg8 22. Nd6 Bxd6 23. Rxd6 Qe7 24. Qg3+ Kh8 25. Qc3+ Kg8 26. Rd5 Be6 27. Re5 Qf6 28. Bxf5 b4 29. Qg3+ Kh8 30. Rae1 Rg8 31. Qh3 Bxf5 32. Rxf5 Rce8 33. Rf1 Qe6 34. Rh5 Qxh3 35. Rxh3 Rg5 36. a3 a5 37. axb4 axb4 38. Rb3 Re4 1/2-1/2

[Event "ARG-chT"]
[Site "Villa Martelli"]
[Date "2021.11.20"]
[Round "1.2"]
[White "Martinez de Negri, Agustin Gonzalo"]
[Black "Villanueva, Mario Nicolas"]
[Result "1/2-1/2"]
[WhiteElo "2264"]
[BlackElo "2464"]
[PlyCount "72"]
[EventDate "2021.11.20"]
[EventType "team-tourn"]
[EventRounds "7"]
[EventCountry "ARG"]
[SourceTitle "EXT 2023"]
[Source "ChessBase"]
[SourceDate "2022.10.05"]
[SourceVersion "1"]
[SourceVersionDate "2022.10.05"]
[SourceQuality "1"]
[WhiteTeam "Quilmes"]
[BlackTeam "Republica Martelli"]
[WhiteTeamCountry "ARG"]
[BlackTeamCountry "ARG"]

1. e4 e6 2. d4 d5 3. e5 c5 4. c3 Nc6 5. Nf3 Bd7 6. Be2 Nge7 7. 0-0 cxd4 8. cxd4 Nf5 9. Nc3 Rc8 10. a3 Nh4 11. Nxh4 Qxh4 12. Be3 Qd8 13. Na4 Na5 14. Nc5 Nc4 15. Nxd7 Qxd7 16. Bc1 Be7 17. Bd3 f5 18. exf6 Bxf6 19. Qh5+ Qf7 20. Qg4 0-0 21. b3 h5 22. Qf4 e5 23. Qg3 e4 24. Be2 Bxd4 25. Rb1 Ne5 26. Be3 Bxe3 27. fxe3 Qe6 28. Bxh5 Rxf1+ 29. Rxf1 Rf8 30. Rc1 Nd3 31. Rc7 Rf1+ 32. Kxf1 Qf6+ 33. Ke2 Qb2+ 34. Kd1 Nf2+ 35. Ke1 Nd3+ 36. Kd1 Nf2+ 1/2-1/2

[Event "Villa Martelli IM"]
[Site "Villa Martelli"]
[Date "2021.10.23"]
[Round "2"]
[White "Perez Candelas, Andres Eloy"]
[Black "Villanueva, Mario Nicolas"]
[Result "1/2-1/2"]
[WhiteElo "2228"]
[BlackElo "2463"]
[PlyCount "89"]
[EventDate "2021.10.22"]
[EventType "tourn"]
[EventRounds "9"]
[EventCountry "ARG"]
[EventCategory "1"]
[SourceTitle "CBM 204 Extra"]
[Source "ChessBase"]
[SourceDate "2021.11.30"]
[SourceVersion "1"]
[SourceVersionDate "2021.11.30"]
[SourceQuality "1"]

1. e4 c5 2. c3 e5 3. Nf3 Nc6 4. Bc4 Nf6 5. Ng5 d5 6. exd5 Nxd5 7. d4 cxd4 8. 0-0 Be7 9. Nxf7 Kxf7 10. Qf3+ Ke6 11. a4 Rf8 12. Qe4 Kd6 13. Qxd5+ Kc7 14. Na3 Qxd5 15. Bxd5 Bf5 16. cxd4 Nxd4 17. Be3 Rad8 18. Bc4 Bxa3 19. Rxa3 Nc2 20. Rc3 Nxe3 21. Rxe3 Rd4 22. b3 Kd6 23. f3 Rc8 24. Kf2 a5 25. Rfe1 Rc5 26. g3 g5 27. g4 Be6 28. Bxe6 Kxe6 29. R1e2 Rd1 30. Kg3 Rg1+ 31. Kf2 Rgc1 32. Kg3 R1c3 33. h4 h6 34. Re1 Rc2 35. Rd1 gxh4+ 36. Kxh4 Rh2+ 37. Kg3 Rcc2 38. f4 Rhg2+ 39. Kh3 Rh2+ 40. Kg3 Rcg2+ 41. Kf3 Rf2+ 42. Kg3 Rhg2+ 43. Kh3 Rh2+ 44. Kg3 Rfg2+ 45. Kf3 1/2-1/2

[Event "Villa Martelli IM"]
[Site "Villa Martelli"]
[Date "2021.10.22"]
[Round "1"]
[White "Borda Rodas, Anapaola S"]
[Black "Villanueva, Mario Nicolas"]
[Result "1/2-1/2"]
[WhiteElo "2162"]
[BlackElo "2463"]
[PlyCount "32"]
[EventDate "2021.10.22"]
[EventType "tourn"]
[EventRounds "9"]
[EventCountry "ARG"]
[EventCategory "1"]
[SourceTitle "CBM 204 Extra"]
[Source "ChessBase"]
[SourceDate "2021.11.30"]
[SourceVersion "1"]
[SourceVersionDate "2021.11.30"]
[SourceQuality "1"]

1. e4 e6 2. d4 d5 3. Nc3 Nf6 4. e5 Nfd7 5. Nce2 c5 6. c3 Nc6 7. Nf3 Qa5 8. Bf4 Be7 9. dxc5 Nxc5 10. Ned4 Qb6 11. Rb1 0-0 12. Bd3 Bd7 13. 0-0 Nxd4 14. Nxd4 Nxd3 15. Qxd3 Qa6 16. Qg3 f5 1/2-1/2

[Event "Jerez de la Frontera IM"]
[Site "Jerez de la Frontera"]
[Date "2021.07.27"]
[Round "4"]
[White "Starostits, Ilmars"]
[Black "Villanueva, Mario Nicolas"]
[Result "0-1"]
[WhiteElo "2457"]
[BlackElo "2480"]
[PlyCount "76"]
[EventDate "2021.07.26"]
[EventType "tourn"]
[EventRounds "9"]
[EventCountry "ESP"]
[EventCategory "6"]
[SourceTitle "CBM 203 Extra"]
[Source "ChessBase"]
[SourceDate "2021.09.30"]
[SourceVersion "1"]
[SourceVersionDate "2021.09.30"]
[SourceQuality "1"]

1. e4 e6 2. d4 d5 3. Nc3 Nf6 4. Bg5 Bb4 5. e5 h6 6. Bc1 Ne4 7. Qg4 Kf8 8. Nge2 c5 9. a3 Bxc3+ 10. bxc3 Qa5 11. f3 Nxc3 12. Bd2 cxd4 13. Nxd4 Qc7 14. Nxe6+ fxe6 15. Qb4+ Kf7 16. Bxc3 Rd8 17. 0-0-0 Nc6 18. Qh4 Bd7 19. Bd3 Rac8 20. Bh7 Ne7 21. Qh5+ g6 22. Qxh6 Rh8 23. Rd3 Bb5 24. Re3 d4 25. Qf4+ Ke8 26. Bxg6+ Nxg6 27. Qxd4 Ne7 28. Qg4 Nf5 29. a4 Bc4 30. Qg6+ Qf7 31. Qxf7+ Kxf7 32. Ree1 Bd5 33. Kb2 Rcg8 34. g4 Nh4 35. h3 Nxf3 36. Rd1 Ke8 37. a5 a6 38. Bb4 Ng5 0-1

[Event "Jerez de la Frontera IM"]
[Site "Jerez de la Frontera"]
[Date "2021.07.27"]
[Round "3"]
[White "Villanueva, Mario Nicolas"]
[Black "Martinez Ramirez, Lennis"]
[Result "1-0"]
[WhiteElo "2480"]
[BlackElo "2459"]
[PlyCount "119"]
[EventDate "2021.07.26"]
[EventType "tourn"]
[EventRounds "9"]
[EventCountry "ESP"]
[EventCategory "6"]
[SourceTitle "CBM 203 Extra"]
[Source "ChessBase"]
[SourceDate "2021.09.30"]
[SourceVersion "1"]
[SourceVersionDate "2021.09.30"]
[SourceQuality "1"]

1. e4 c5 2. Nf3 Nc6 3. d4 cxd4 4. Nxd4 e5 5. Nb5 d6 6. c4 Be7 7. Bd3 Nf6 8. 0-0 0-0 9. N5c3 Be6 10. Nd5 Nd4 11. Nbc3 Rc8 12. Be3 Ng4 13. Bxd4 exd4 14. Nb5 Bh4 15. Nxd4 Bxd5 16. Qxg4 Bxc4 17. Bxc4 Rxc4 18. Ne6 Qf6 19. Nxf8 Kxf8 20. g3 Bg5 21. Rae1 g6 22. h4 Bd2 23. Qe2 Rc2 24. e5 dxe5 25. Qxe5 Qxe5 26. Rxe5 Bc1 27. Rfe1 Bxb2 28. Re8+ Kg7 29. R8e2 Rxe2 30. Rxe2 Ba3 31. g4 h6 32. Kg2 b6 33. Kf3 Kf6 34. Re8 Bc5 35. Rh8 a5 36. a4 Kg7 37. Rc8 Kf6 38. Rc6+ Kg7 39. h5 g5 40. Ke2 Bd4 41. f3 Bg1 42. Kd3 Bf2 43. Kc4 Be3 44. Kb5 Bf2 45. Ka6 Be3 46. Kb7 Bd4 47. Kc8 Kg8 48. Rd6 Be3 49. Rxh6 Kf8 50. Kd7 Bd4 51. Rc6 Kg7 52. Kc7 f5 53. Rxb6 fxg4 54. Rg6+ Kh7 55. fxg4 Be3 56. Kd7 Kh8 57. Ke6 Kh7 58. Kf7 Bc1 59. Rg7+ Kh6 60. Kg8 1-0

[Event "Jerez de la Frontera IM"]
[Site "Jerez de la Frontera"]
[Date "2021.07.26"]
[Round "1"]
[White "Bernabeu Lopez, Carlos Javier"]
[Black "Villanueva, Mario Nicolas"]
[Result "1/2-1/2"]
[WhiteElo "2407"]
[BlackElo "2480"]
[PlyCount "52"]
[EventDate "2021.07.26"]
[EventType "tourn"]
[EventRounds "9"]
[EventCountry "ESP"]
[EventCategory "6"]
[SourceTitle "CBM 203 Extra"]
[Source "ChessBase"]
[SourceDate "2021.09.30"]
[SourceVersion "1"]
[SourceVersionDate "2021.09.30"]
[SourceQuality "1"]

1. d4 e6 2. Nf3 Nf6 3. c4 b6 4. g3 Bb7 5. Bg2 Be7 6. 0-0 0-0 7. Nc3 Ne4 8. Bd2 Bf6 9. Be1 Nxc3 10. Bxc3 Be4 11. Qd2 d5 12. Qe3 Nc6 13. Rfd1 a5 14. Ne5 Bxg2 15. Nxc6 Qe8 16. Nxa5 Bh3 17. Nb3 dxc4 18. Nd2 Qc6 19. Qf3 Qxf3 20. Nxf3 Bg4 21. Kg2 Rfd8 22. h3 Bf5 23. Ne5 Bc2 24. Rd2 Bb3 25. a3 Bxe5 26. dxe5 Rxd2 1/2-1/2

[Event "Valencia Cuna op"]
[Site "Valencia"]
[Date "2021.07.25"]
[Round "9"]
[White "Villanueva, Mario Nicolas"]
[Black "Veiga, Jose Francisco RP"]
[Result "1-0"]
[WhiteElo "2480"]
[BlackElo "2406"]
[PlyCount "129"]
[EventDate "2021.07.19"]
[EventType "swiss"]
[EventRounds "9"]
[EventCountry "ESP"]
[SourceTitle "CBM 203 Extra"]
[Source "ChessBase"]
[SourceDate "2021.09.30"]
[SourceVersion "1"]
[SourceVersionDate "2021.09.30"]
[SourceQuality "1"]

1. e4 e5 2. Nf3 Nc6 3. Bb5 a6 4. Ba4 Nf6 5. 0-0 Be7 6. Re1 b5 7. Bb3 d6 8. c3 0-0 9. h3 Nb8 10. d4 Nbd7 11. c4 c6 12. Nc3 b4 13. Na4 c5 14. d5 Ne8 15. a3 a5 16. Bc2 g6 17. Bh6 Ng7 18. g4 Kh8 19. b3 Nf6 20. axb4 axb4 21. Nxc5 Rxa1 22. Qxa1 Ng8 23. Bxg7+ Kxg7 24. Nd3 f5 25. exf5 gxf5 26. gxf5 Nh6 27. Nxb4 Bxf5 28. Nc6 Qe8 29. Bxf5 Nxf5 30. Nxe7 Qxe7 31. Re4 Qf6 32. Rg4+ Kh8 33. Rg2 Ne3 34. fxe3 Qxf3 35. Qa7 Qf1+ 36. Kh2 Rg8 37. Rxg8+ Kxg8 38. Qb8+ Kg7 39. Qc7+ Kg8 40. Qd8+ Kg7 41. Qe7+ Kg8 42. Qg5+ Kf7 43. Qh5+ Kg7 44. Qg4+ Kf7 45. Kg3 Qe1+ 46. Kg2 Qd2+ 47. Kf3 Qd1+ 48. Kf2 Qc2+ 49. Qe2 Qxb3 50. Qh5+ Kg7 51. Qg5+ Kf7 52. Qf5+ Kg7 53. Qd7+ Kg8 54. Qe6+ Kg7 55. Qxd6 Qc2+ 56. Kg3 Qe4 57. Qe7+ Kg8 58. Qg5+ Kf7 59. d6 Qh1 60. Qf5+ Kg8 61. d7 Qe1+ 62. Kg4 Qe2+ 63. Kg5 Qxe3+ 64. Kf6 Qb6+ 65. Qe6+ 1-0